|
|
|
|
| LEADER |
00000nab a22000005a 4500 |
| 001 |
AR-BbUGT7824 |
| 003 |
AR-BbUGT |
| 005 |
20210426151204.0 |
| 007 |
ta |
| 008 |
180531s2009||||ag |||p |||| 0|||||spa d |
| 999 |
|
|
|c 13328
|d 13328
|
| 040 |
|
|
|a AR-BbUGT
|c AR-BbUGT
|
| 245 |
0 |
3 |
|a La calidad de las oficinas de informes turísticos. Caso Neuquén, Argentina /
|c Marina Zanfardini, Cintia Fernández.
|
| 300 |
|
|
|a p. 155-171
|
| 651 |
|
4 |
|a Neuquén (Argentina)
|9 303
|
| 653 |
|
|
|a Informes turísticos
|
| 653 |
|
|
|a Calidad percibida
|
| 653 |
|
|
|a Servqual
|
| 700 |
1 |
|
|a Fernández, Cintia.
|
| 773 |
0 |
|
|o R7152.44
|g Vol. 9, no. 7 (2009), p. 155-171
|t Realidad, tendencias y desafíos en Turismo
|x 1850-4787
|w AR-BbUGT7183
|
| 942 |
|
|
|2 ddc
|c ARTPP
|